000 00737nac a22002291u 4500
010 _a 2003062230
020 _a0132279002 :
020 _a0132279002 :
082 0 0 _a004.21
_bGEO
090 _c8698
_d8698
100 _aGeorge, Joey F.
245 0 0 _aObject-oriented systems analysis and design /
_cJoey F. George ... [et al.].
250 _a2nd ed.
260 _aUpper Saddle River, NJ :
_bPearson Prentice Hall,2007.
_cc2007.
300 _axxiv,464p.:
_bill.;
_c30cm
500 _aDistributer: Bacca
504 _aIncludes bibliographical references and index.
511 _aCatalogued by: Sara
650 0 _aSystem design.
650 0 _aSystem analysis.
942 _cBB
_k004.21GEO
999 _c8698
_d8698